50 greatest short stories (Record no. 360781)
[ view plain ]
| 000 -LEADER | |
|---|---|
| fixed length control field | 01509nam a22001937a 4500 |
| 003 - CONTROL NUMBER IDENTIFIER | |
| control field | OSt |
| 005 - DATE AND TIME OF LATEST TRANSACTION | |
| control field | 20260424155357.0 |
| 008 - FIXED-LENGTH DATA ELEMENTS--GENERAL INFORMATION | |
| fixed length control field | 260424b |||||||| |||| 00| 0 eng d |
| 020 ## - INTERNATIONAL STANDARD BOOK NUMBER | |
| International Standard Book Number | 9788129137258 |
| 040 ## - CATALOGING SOURCE | |
| Transcribing agency | AACR-II |
| 082 ## - DEWEY DECIMAL CLASSIFICATION NUMBER | |
| Classification number | OBR T |
| 100 ## - MAIN ENTRY--PERSONAL NAME | |
| Personal name | O'brien, Terry |
| 9 (RLIN) | 18937 |
| 245 ## - TITLE STATEMENT | |
| Title | 50 greatest short stories |
| 260 ## - PUBLICATION, DISTRIBUTION, ETC. | |
| Place of publication, distribution, etc. | New Delhi |
| Name of publisher, distributor, etc. | Rupa Publications |
| Date of publication, distribution, etc. | 2015 |
| 300 ## - PHYSICAL DESCRIPTION | |
| Extent | 589 p. |
| 520 ## - SUMMARY, ETC. | |
| Summary, etc. | 50 Greatest Short Stories is a selection from the best of the world’s short fiction, bringing together writings by great masters of the genre. Carefully picked for their timeless quality, readers are sure to be delighted by the inclusion of such favourites as ‘The Gift of the Magi’, ‘The Lady with the Dog’, ‘The Curious Case of Benjamin Button’, ‘Rain’ and ‘Mrs Packletide’s Tiger’, to name but a few.<br/>This outstanding and wide-ranging anthology of stories is a collector’s item, designed for readers to refresh their acquaintance with some of the world’s finest writing and for newer readers to be introduced to it.<br/>Anton Chekov, Charles Dickens, Katherine Mansfield, Guy de Maupassant, F. Scott Fitzgerald, H. Rider Haggard, O. Henry, Rudyard Kipling, W.W. Jacobs, Virginia Woolf, D.H. Lawrence, Saki, Jerome K. Jerome, H.G. Wells, Kate Chopin, Ambrose Bierce, Jack London, Frank Stockton, Edgar Allan Poe, Stephen Leacock, James Joyce, Bram Stoker, Joseph Conrad, M. R. James, W. Somerset Maugham, R. L. Stevenson.<br/> |
| 650 ## - SUBJECT ADDED ENTRY--TOPICAL TERM | |
| Topical term or geographic name entry element | Fiction |
| 9 (RLIN) | 18938 |
| 942 ## - ADDED ENTRY ELEMENTS (KOHA) | |
| Source of classification or shelving scheme | Dewey Decimal Classification |
| Koha item type | Books |
| Date last seen | Total Checkouts | Full call number | Barcode | Price effective from | Koha item type | Lost status | Source of classification or shelving scheme | Damaged status | Not for loan | Withdrawn status | Home library | Current library | Date acquired | Cost, normal purchase price |
|---|---|---|---|---|---|---|---|---|---|---|---|---|---|---|
| 2026-04-24 | OBR T | 185951 | 2026-04-24 | Books | Not Missing | Dewey Decimal Classification | Not Damaged | Gandhi Smriti Library | Gandhi Smriti Library | 2026-04-24 | 395.00 |
